Mzdové predpisy pre rozpočtové a príspevkové organizácie

Gespeichert in:
Bibliographische Detailangaben
Format: Buch
Sprache:Slowakisch
Veröffentlicht: Bratislava EPOS 1996
Ausgabe:1. vyd.
Schlagworte:
Tags: Tag hinzufügen
Keine Tags, Fügen Sie das erste Tag hinzu!

MARC

LEADER 00000nam a2200000 4500
001 c019264
005 20221128073418.9
020 |a 80-88810-50-7 
041 0 |a slo 
044 |a SK 
245 1 0 |a Mzdové predpisy pre rozpočtové a príspevkové organizácie 
250 |a 1. vyd. 
264 1 |a Bratislava  |b EPOS  |c 1996 
300 |a 176 s. 
610 2 0 |a predpisy mzdové 
610 2 0 |a mzdy 
610 2 0 |a organizácie príspevkové 
610 2 0 |a organizácie rozpočtové 
610 2 0 |a platy 
610 2 0 |a odmeny 
610 2 0 |a zákony 
610 2 0 |a tarify mzdové 
610 2 0 |a Slovensko